| 000 | 00916nam a2200205Ii 4500 | ||
|---|---|---|---|
| 003 | JO-AjNU | ||
| 008 | 230605s9999||||xx |||||||||||||| ||und|| | ||
| 040 |
_aJO-AjNU _bara _erda _cJO-AjNU |
||
| 041 | _aara | ||
| 050 | 1 | 4 | _aBP173.75 2001 |
| 100 | 3 |
_aعشقي، أنور ماجد, _eauthor _941406 |
|
| 245 | 0 | 0 | _aالبناء الإقتصادي في عهد النبوة |
| 264 | 3 | 1 | _aبيروت- جدة: دار خضر للطباعة والنشر والتوزيع ، دار الشروق للنشر والتوزيع والطباعة، 2001 |
| 300 |
_a213ص _bفهرس الايات القرآنية(ص201) ؛ فهرس الاحاديث النبوية(ص202)؛ كشاف عام (ص203-213) |
||
| 336 |
_atext _btxt _2rdacontent |
||
| 337 |
_aunmediated _bn _2rdamedia |
||
| 338 |
_avolume _bnc _2rdacarrier |
||
| 490 | 0 | _aالمدينة في عهد النبوة(4) | |
| 650 | 4 |
_aالاقتصاد الاسلامي _941407 |
|
| 999 |
_aA17651 _c21219 _d21219 |
||